[Event "HCL-C237"]
[Site "www.playchess.de"]
[Date "2001.04.06"]
[Round "3"]
[White "Captain_Howdy"]
[Black "Danielqb"]
[WhiteElo "1000"]
[BlackElo "1000"]
[PlyCount "48"]
[Result "0-1"]

1.d4 d5 2.Nf3 Nf6 3.e3 Nc6 4.Bd3 Bg4 {Voce fala 
portugues ou espanhol?}  5.O-O {No, sorry!}  e6 
6.Nbd2 Bd6 {what at time is it now in your 
country?}  7.h3 {It is 11:46 am. What time is it 
in your Country? Soory for my poor English... :)}  
O-O {Now it is 7:55 am. I don´t speak english very 
well too. I speak portuguese, but...}  8.b3 e5 
{Who are Captain Howdy?}  9.hxg4 {I saw him in the 
videofilm "Strangeland"... - How old are you? I´m 
19}  e4 {i am 26.}  10.g5 exf3 11.gxf6 Qxf6 
12.Qxf3 Qh6 13.Qh3 Qxh3 14.gxh3 f5 15.c3 Rf6 16.f4 
Re8 17.Nf3 Rg6+ 18.Kh2 Ne7 19.Rg1 Rh6 20.Bd2 Ng6 
21.c4 Nh4 22.Nxh4 Rxh4 23.Rg2 h6 24.Bxf5 
Rf8 0-1

[Event "ACL-A113"]
[Site "www.playchess.de"]
[Date "2001.04.06"]
[Round "10"]
[White "Habi"]
[Black "bomber"]
[WhiteElo "1830"]
[BlackElo "1500"]
[PlyCount "25"]
[Result "1-0"]

1.e4 c5 2.Nf3 d6 3.d4 Nd7 {Hi}  4.Nc3 Ngf6 5.dxc5 
Nxc5 {hi}  6.e5 Nfd7 7.exd6 exd6 8.Bc4 Be7 9.O-O 
O-O 10.Re1 Bf6 11.Qxd6 Bxc3 12.bxc3 Qa5 
13.Qd4 1-0

[Event "ACL-A113"]
[Site "www.playchess.de"]
[Date "2001.04.06"]
[Round "12"]
[White "foxzy"]
[Black "RMil"]
[WhiteElo "1266"]
[BlackElo "1500"]
[PlyCount "55"]
[Result "1-0"]

1.e4 e5 2.Nf3 Nc6 3.Bc4 Nf6 {Hello, do you 
understand English?  Nice playing a game with you. 
 :)}  4.Nc3 {Sure. Nice to meet you too. :)}  Bc5 
5.Ng5 O-O 6.Bxf7+ Rxf7 7.Nxf7 Kxf7 8.d3 d5 9.exd5 
Nxd5 10.Qf3+ Nf6 11.Bg5 Bg4 12.Bxf6 Bxf3 13.Bxd8 
Bxg2 {Hello.  Do you actually live in mainland 
China?  If so, where exactly?}  14.Rg1 {Recently, 
I'm in Princeton, NJ, USA. I have lived in Beijing 
since 1989.}  Bf3 15.Bh4 Nb4 16.Kd2 Re8 17.Rg5 g6 
18.Re1 Bd4 19.a3 Na6 20.Bg3 h6 21.Rgxe5 Bxe5 
22.Bxe5 Kg8 23.d4 c5 24.d5 Nc7 25.Bxc7 Rc8 26.d6 
Rf8 27.d7 c4 {Why are you in the U.S.?  Going to 
college?}  28.Re8 {No. I'm a research associate 
here.}  1-0

[Event "HCL-B239"]
[Site "www.playchess.de"]
[Date "2001.04.06"]
[Round "2"]
[White "showgun"]
[Black "serpens"]
[WhiteElo "1200"]
[BlackElo "1119"]
[PlyCount "25"]
[Result "1-0"]

1.e4 e6 2.d4 d5 3.Nd2 Nf6 4.f3 c5 5.Ne2 cxd4 6.e5 
Nfd7 7.f4 Nc6 8.Ng3 f6 9.Nf3 fxe5 10.fxe5 Ndxe5 
11.Nxe5 Nxe5 12.Qxd4 Nc6 13.Qf2 1-0

[Event "HCL-C240"]
[Site "www.playchess.de"]
[Date "2001.04.06"]
[Round "1"]
[White "coverup"]
[Black "ictus"]
[WhiteElo "1000"]
[BlackElo "1155"]
[PlyCount "27"]
[Result "1-0"]

1.c4 c6 2.Nh3 d5 3.cxd5 cxd5 4.g3 e5 5.Bg2 Nf6 
6.O-O Be7 7.d4 exd4 8.Nf4 Nc6 9.Qb3 O-O 10.Bd2 Qb6 
11.Qxb6 axb6 12.Nxd5 Nxd5 13.Bxd5 Bf6 
14.Re1 1-0

[Event "HCL-C241"]
[Site "www.playchess.de"]
[Date "2001.04.06"]
[Round "1"]
[White "ictus"]
[Black "Venezuela"]
[WhiteElo "1155"]
[BlackElo "1000"]
[PlyCount "30"]
[Result "0-1"]

1.e4 e5 2.Nf3 d5 3.exd5 Qxd5 4.Nc3 Qe6 5.Be2 e4 
6.Nd4 Qg6 7.g3 Nf6 8.d3 Nfd7 9.Nxe4 b6 10.Bf4 Bd6 
11.Bh5 Qxh5 12.Qxh5 g6 13.Nxd6+ cxd6 14.Qe2+ Kd8 
15.O-O-O Re8 0-1

[Event "HCL-B240"]
[Site "www.playchess.de"]
[Date "2001.04.06"]
[Round "1"]
[White "Translightor"]
[Black "victor"]
[WhiteElo "1486"]
[BlackElo "1288"]
[PlyCount "41"]
[Result "1-0"]

1.e4 {Good luck.}  e6 2.d4 d5 3.Nd2 dxe4 4.Nxe4 
Qd5 5.Nc3 Bb4 6.Nf3 Nf6 7.Bd2 Bxc3 8.Bxc3 Ne4 
9.Qd3 Nd7 10.Nd2 Nxc3 11.Qxc3 Nf6 12.f3 Bd7 13.Bc4 
Qc6 14.Qb3 O-O 15.O-O b5 16.Bd3 a6 17.c3 Nd5 
18.Rae1 Nf4 19.Be4 Nd5 20.a3 Qd6 
21.c4 1-0

[Event "HCL-B240"]
[Site "www.playchess.de"]
[Date "2001.04.06"]
[Round "3"]
[White "victor"]
[Black "Inge_Heumann"]
[WhiteElo "1288"]
[BlackElo "1895"]
[PlyCount "28"]
[Result "0-1"]

1.e4 e6 2.d4 d5 3.Nc3 Bb4 4.e5 c5 5.a3 Bxc3+ 
6.bxc3 Qc7 7.Qg4 f5 8.exf6 Nxf6 9.Qg3 Qxg3 10.hxg3 
c4 11.Rb1 Nbd7 12.Be2 Ne4 13.Bd2 Nb6 14.Bf3 
Nxd2 0-1

[Event "HCL-B239"]
[Site "www.playchess.de"]
[Date "2001.04.06"]
[Round "7"]
[White "Inge_Heumann"]
[Black "serpens"]
[WhiteElo "1895"]
[BlackElo "1119"]
[PlyCount "29"]
[Result "1-0"]

1.e4 e6 2.d4 {Hello! I hope we`ll have fun}  d5 
3.exd5 exd5 4.Bd3 Nc6 5.c3 Bd6 6.Ne2 Nf6 7.Bg5 O-O 
8.Qc2 h6 9.Bh4 Be7 10.Nd2 Re8 11.O-O-O Nh7 12.Bxe7 
Nxe7 13.Bxh7+ Kh8 14.Bd3 c6 15.f3 1-0

[Event "HCL-B240"]
[Site "www.playchess.de"]
[Date "2001.04.06"]
[Round "5"]
[White "hon"]
[Black "victor"]
[WhiteElo "1500"]
[BlackElo "1288"]
[PlyCount "25"]
[Result "1-0"]

1.d4 d5 2.c4 c6 3.Nc3 Nf6 4.Nf3 dxc4 5.a4 Bf5 
6.Nd2 e6 7.e4 Bg6 8.e5 Nd5 9.Nxc4 Bb4 10.Bd2 O-O 
11.Be2 Nxc3 12.bxc3 Be7 13.g3 1-0

[Event "HCL-B240"]
[Site "www.playchess.de"]
[Date "2001.04.06"]
[Round "8"]
[White "victor"]
[Black "Michael_Schenk"]
[WhiteElo "1288"]
[BlackElo "1228"]
[PlyCount "22"]
[Result "0-1"]

1.e4 e5 2.Nf3 Nc6 3.Bb5 a6 4.Ba4 Nf6 5.Bxc6 bxc6 
6.d3 d6 7.Nbd2 Be7 8.O-O O-O 9.Re1 h6 10.Nf1 Be6 
11.Ng3 Nd7 0-1

[Event "HCL-B243"]
[Site "www.playchess.de"]
[Date "2001.04.06"]
[Round "3"]
[White "victor"]
[Black "assmonkey"]
[WhiteElo "1288"]
[BlackElo "932"]
[PlyCount "22"]
[Result "0-1"]

1.e4 e5 {Good luck.}  2.Nf3 Nc6 3.Bb5 a6 4.Ba4 Nf6 
5.Bxc6 dxc6 6.d3 Bd6 7.Nbd2 O-O 8.Nc4 Re8 9.Bg5 b5 
10.Nxd6 cxd6 11.O-O d5 0-1

[Event "HCL-B243"]
[Site "www.playchess.de"]
[Date "2001.04.06"]
[Round "5"]
[White "scylla"]
[Black "victor"]
[WhiteElo "1500"]
[BlackElo "1288"]
[PlyCount "25"]
[Result "1-0"]

1.e4 e6 2.Nf3 d5 3.exd5 exd5 4.d4 Nf6 5.Nc3 Bg4 
6.Be2 Qe7 7.O-O Nc6 8.Re1 O-O-O 9.Bg5 Qd6 10.Ne5 
Bxe2 11.Rxe2 Nxd4 12.Qxd4 Qc5 13.Qxc5 1-0

[Event "ACL-A131"]
[Site "www.playchess.de"]
[Date "2001.04.06"]
[Round "8"]
[White "liero2"]
[Black "dendral"]
[WhiteElo "1500"]
[BlackElo "1500"]
[PlyCount "44"]
[Result "0-1"]

1.e4 c6 {Hello from Scotland}  2.c4 d5 3.cxd5 cxd5 
4.exd5 Nf6 5.Nc3 Nxd5 6.Nxd5 Qxd5 7.b3 Qe5+ 8.Ne2 
Qxa1 9.Qc2 Nc6 10.Nc3 Bf5 11.Qb2 Qxb2 12.Bxb2 
O-O-O 13.Bc1 e6 14.Bb5 Nb4 15.O-O Bd3 16.Re1 Bxb5 
17.Nxb5 Nxa2 18.Bb2 Rxd2 19.Be5 Bc5 20.Bg3 a6 
21.Nd6+ Bxd6 22.Bxd6 Rxd6 0-1

[Event "HCL-B243"]
[Site "www.playchess.de"]
[Date "2001.04.06"]
[Round "8"]
[White "victor"]
[Black "Flay"]
[WhiteElo "1288"]
[BlackElo "1295"]
[PlyCount "22"]
[Result "0-1"]

1.e4 e5 2.Nf3 Nc6 3.Bb5 a6 4.Ba4 b5 5.Bb3 Nf6 
6.Ng5 d5 7.exd5 Nxd5 8.Qf3 Be6 9.d3 Nd4 10.Qd1 
Nxb3 11.axb3 Be7 {Hi, I am from the northen part 
of sweden so I think we have big difference in 
climate, its winter..}  0-1

[Event "HCL-E039"]
[Site "www.playchess.de"]
[Date "2001.04.06"]
[Round "16"]
[White "SD626"]
[Black "DKCozy"]
[WhiteElo "2000"]
[BlackElo "1718"]
[PlyCount "63"]
[Result "1-0"]

1.e4 e6 2.d4 d5 3.Nc3 dxe4 4.Nxe4 Nc6 5.Nf3 Be7 
6.c3 Bd7 7.Bd3 Nf6 8.O-O Nxe4 9.Bxe4 f5 10.Bc2 O-O 
11.Re1 Bf6 12.Qd3 Ne7 13.Ng5 Bxg5 14.Bxg5 h6 
15.Bh4 g5 16.Bg3 Rf7 17.f3 f4 18.Bf2 Nf5 19.Re5 
Qf6 20.Rae1 Raf8 21.Bb3 Re8 22.d5 Rfe7 23.dxe6 
Bxe6 24.Rxf5 Qg6 25.Bc5 Rf7 26.Rxe6 Rxe6 27.Qd8+ 
Kh7 28.Rxf7+ Qxf7 29.Bc2+ Kg7 30.Bd4+ Rf6 31.Bb3 
Qg6 {Contrulations NICE moving !}  32.Qg8+ {I hope 
we see us again in another tournament.} 
 1-0

[Event "HCL-B242"]
[Site "www.playchess.de"]
[Date "2001.04.06"]
[Round "10"]
[White "Joachim"]
[Black "player27"]
[WhiteElo "1370"]
[BlackElo "1454"]
[PlyCount "52"]
[Result "0-1"]

1.e4 {Hallo Andreas, habe ich es geschafft auf 
"Alte Bekannte" von Kassel zu treffen. - Gruß 
Joachim.}  e6 {ja hallo Joachim, wie geht es Dir? 
Alles Gute, und auf ein Spannendes! Gruss andy}  
2.d4 {danke wünsche ich auch! Letzte Woche sehr 
stressig, vielleicht ist diese Woche mehr Zeit für 
FS drin}  d5 {lass dir Zeit-sehe, du spielst 
wenig(er), ist wohl doch besser für die Nerven ; ) 
schönen SO.  andy}  3.Nc3 {...daß es mit meinen 
Partien weniger ist als für Dich: ich habe 
(beruflich bedingt) oft weniger Zeit}  Nf6 {ich 
denke, das ist die beste Mischung- ich sitze oft 
mehrere Stunden an meinem Partienberg ; (}  4.Bg5 
{na denn, viel Spaß und daß Dir die Partien nicht 
zu viel werden. Eine schöne Woche, Gruß Joachim.}  
Be7 {hast du noch Kontakt zu den anderen? Thomas 
ist auch sehr aktiv hier!}  5.e5 {zuletzt eine 
Partie mit Rüdiger (bei MBCS), bin dort nur 
sporadisch, da ich mehr bei Playchess bin.}  Nfd7 
{ja der starke Rüdiger ist auch hier aktiv (hält 
sich ähnlich wie Du mit den Spielen etwas zurück) 
a.}  6.Bxe7 {Partie: auch das Gambit 
Aljechin-Chatard mit 6. h4 hatte ich angedacht, 
allerdings ist etwas suspect}  Qxe7 {hey, da 
sprach der "Fachmann" 6. h4 mit Bauernopfer ist 
interessant und korrekt!}  7.f4 {dachte ich es 
doch daß mich ein Experte in diesem Gambit 
erwartet hätte, daher die Abtauschvariante}  O-O 
{WARNUNG: im Endspiel bin ich noch schlechter als 
beim Blitzen *g*}  8.Nf3 {... soweit ist es noch 
nicht: erst muß die Entwicklungsphase fertig 
abgeschlossen sein ...}  c5 {war ja nur der 
Hinweis...falls es soweit kommen sollte...}  9.Qd2 
{bis jetzt noch alles im Theorie-Rahmen, die 
Stellung entsprichtz in etwa dem logischen 
Aufbau...}  Nc6 {kannst ja ein paar Hinweise 
geben, wenn ich Fehl greifen sollte...schönen 
Abend}  10.dxc5 {Wieder einmal geht mir ein 
Schachabend zuende:  gut 3 Stunden nahm ich mir 
Zeit für diverse Partien}  Qxc5 {schon schwieriger 
10... Dxc5 oder 10...Sxc5}  11.O-O-O {hatte zwar 
eher mit Sxc5 gerechnet, darauf käme 
wahrscheinlich Ld3}  Rb8 {Dxc5 ist wohl etwas 
moderner, es kann folgen Sb6 / Ld7 / Tc8, aber es 
folgt...}  12.g3 {langsam endet die Theorie und 
was ich in der Literatur finde; auf Dein Mail 
komme ich später zurück.}  b5 {die Var. 10...Sxc5/ 
Tb8/ a6/ b5 ist zwar gängiger, aber mal schaun, 
wie es hier läuft}  13.Nd4 {...da muß ich mich 
langsam auf eine Verteidigung an der Königsseite 
einstellen}  b4 {Danke für Deine Antwort,werde auf 
einiges noch speziell eingehen.Interessante 
Entwicklung hier}  14.Nxc6 {bevor der SC3 die 
Fliege machen muß, zunächst der Tausch auf C6.}  
Qxc6 {Deine Aussage ist schon richtig-3 
Schachseiten sind wirklich zuviel,3x untersch. 
Bedienung; Layout}  15.Ne2 {hier der 
Springerrückzug - übrigens hat Thomas alle Partien 
dieser Runde aufgegeben (schade)}  a5 {kann ich 
verstehen, ist mir aber zu radikal, und habe mich 
auch auf eine lange Spieldauer eingestell}  16.Nd4 
{...und der Springer auf D4 hat sich erneuert!}  
Qb6 {wohin mit der Queen- und der Lc8 ist auch 
schlecht einzusetzen, evtl. a6}  17.b3 {Deine 
Queen steht auf der B-Linie gut, muß Dir 
zuvorkommen bevor Du diese per Bauernopfer 
öffnest}  Ba6 {ok, die ist dicht, es kann La6 
folgen- Partie erinnert an Najdorf / Sici}  
18.Bxa6 {Du wirst lachen: bis vor kurzem hatte ich 
eine Najdorf-Fernpartie! - unsere Pt.: 
remisverdächtig !?}  Qxa6 {noch zu früh zur 
Einschätzung, ist aber schon viel Material 
abgetauscht. Schönen Abend}  19.Qd3 {danke Dir 
auch! Das Material wird sich in der Pt. noch 
weiter reduzieren,}  Qb6 {habe fürchterl. 
Mattangriff gegen Worf übersehen, sind immernoch 
zuviele Partien!}  20.Rhe1 {auch ich muß gegen 
Worf schwer aufpassen - wieder einmal hatten meine 
Mails jede Menge Verspätung!}  Nc5 {Auch gegen den 
Ami stehe ich schlecht, brauche hier mind. Remis ; 
)}  21.Qf3 {19. Dd3? war von mir sicher nicht der 
beste, beweist sich nur als Zeitverlust - Dir ein 
schönes WE}  Ne4 {Dir natürl. auch! Ich taste mich 
langsam an Deinen Herrscher heran, wo ist Dein 
Gegenangriff : )}  22.Ne2 {gegen Frank (worf) 
ergeht es mir nicht besser: ich habe meine Partie 
GRÜNDLICHST verhaxt!!}  Rfc8 {schaue später mal 
rein : ) derweil mache ich weiter Druck. andy}  
23.Rd3 {auf Angriff gegen C3 folgt Verteidigung 
desselben!}  Nf2 {da bleibt Dein Turm auch nicht 
lange ; ) spekuliere auf a4! aber wann? bye}  
24.Rd2 {die "Qualle" zu geben sehe ich keinen 
Anlaß, deshalb am besten nach d2 zurück! Schönen 
Wochenanfang!}  Qc5 {Danke. kurzer Gruss  andy}  
25.f5 {auch Sd4 wäre mgl., komme aber nach Se4 
nicht sorecht weiter: daher Vorstoß auf der 
anderen Seite}  Ne4 {Zufall-stöbere soeben das 
Turnier durch-genau, der S muss zurück, f2 war 
nix}  26.Rd3 {dies ist bereits die letzte Partie 
in dieser Runde; beachte dazu auch mein gestriges 
Mail !}  Qxc2+ 0-1

[Event "HCL-C241"]
[Site "www.playchess.de"]
[Date "2001.04.06"]
[Round "4"]
[White "ictus"]
[Black "foxzy"]
[WhiteElo "1155"]
[BlackElo "1077"]
[PlyCount "22"]
[Result "0-1"]

1.e4 c5 2.c3 d6 3.d4 cxd4 4.cxd4 Nc6 5.d5 Ne5 
6.Nf3 Nf6 7.Nxe5 dxe5 8.Nc3 Qa5 9.Bd3 a6 10.Qa4+ 
Qxa4 11.Nxa4 Nd7 0-1

[Event "HCL-C241"]
[Site "www.playchess.de"]
[Date "2001.04.06"]
[Round "7"]
[White "ve7wln"]
[Black "ictus"]
[WhiteElo "1266"]
[BlackElo "1155"]
[PlyCount "25"]
[Result "1-0"]

1.e4 e6 2.d4 d5 3.e5 c5 4.c3 Qb6 5.Nf3 Bd7 6.Bd3 
Bb5 7.O-O Bxd3 8.Qxd3 Qa6 9.Qxa6 Nxa6 10.Bg5 f6 
11.exf6 Nxf6 12.Nbd2 cxd4 13.Nxd4 1-0

[Event "HCL-C241"]
[Site "www.playchess.de"]
[Date "2001.04.06"]
[Round "16"]
[White "McLeod"]
[Black "ictus"]
[WhiteElo "1507"]
[BlackElo "1155"]
[PlyCount "21"]
[Result "1-0"]

1.e4 e6 2.d4 d5 3.exd5 exd5 4.Nf3 Bg4 5.c4 Qe7+ 
6.Be3 dxc4 7.Bxc4 Nc6 8.O-O O-O-O 9.Nc3 Bxf3 
10.Qxf3 Nf6 11.a4 1-0

[Event "HCL-C241"]
[Site "www.playchess.de"]
[Date "2001.04.06"]
[Round "22"]
[White "ictus"]
[Black "Trickster"]
[WhiteElo "1155"]
[BlackElo "904"]
[PlyCount "26"]
[Result "0-1"]

1.e4 e5 2.Nf3 d6 3.d4 f6 4.Bc4 Bg4 5.Nbd2 Qd7 6.h3 
Bh5 7.g4 Bg6 8.Nh4 Nc6 9.Nxg6 hxg6 10.Nf3 f5 
11.Ng5 Nxd4 12.Bf7+ Ke7 13.Bxg6 
Qb5 0-1

[Event "HCL-B247"]
[Site "www.playchess.de"]
[Date "2001.04.06"]
[Round "9"]
[White "Whatever"]
[Black "takesa"]
[WhiteElo "1505"]
[BlackElo "1255"]
[PlyCount "59"]
[Result "1-0"]

1.e4 Nf6 {good luck!}  2.e5 Nd5 3.d4 e6 4.f4 c5 
5.Nf3 cxd4 6.Nxd4 d6 7.Nf3 Qc7 8.c4 Nb6 9.Nc3 Nxc4 
10.Qa4+ Nc6 11.Bxc4 a6 12.Be3 Qb8 13.Qc2 dxe5 
14.fxe5 Nxe5 15.Nxe5 Qxe5 16.Qe4 Qxe4 17.Nxe4 Bd7 
18.O-O Rc8 19.Bb3 f5 20.Ng5 Ke7 21.Rac1 h6 22.Nf3 
Rd8 23.Rc7 Kf6 24.Rd1 Ke7 25.Bc5+ Ke8 26.Bxf8 Rxf8 
27.Rxb7 g5 28.Rdxd7 Rxd7 29.Ba4 Rff7 
30.Ne5 1-0

[Event "HCL-B244"]
[Site "www.playchess.de"]
[Date "2001.04.06"]
[Round "1"]
[White "victor"]
[Black "damage_kase"]
[WhiteElo "1288"]
[BlackElo "1379"]
[PlyCount "24"]
[Result "0-1"]

1.e4 e6 2.d4 d5 3.Nc3 dxe4 4.Nxe4 Nd7 5.Nf3 Ngf6 
6.Nxf6+ Nxf6 7.Bd3 Be7 8.O-O O-O 9.Bg5 c6 10.Re1 
Qc7 11.Ne5 Nd5 12.Qh5 g6 0-1

[Event "ACL-A127"]
[Site "www.playchess.de"]
[Date "2001.04.06"]
[Round "9"]
[White "Westqualmer"]
[Black "Zynaps"]
[WhiteElo "1923"]
[BlackElo "1500"]
[PlyCount "75"]
[Result "1-0"]

1.d4 d5 2.c4 c6 3.Nc3 Nf6 4.Nf3 Bf5 5.Qb3 b6 
6.cxd5 Nxd5 7.Bg5 h6 8.Bh4 g5 9.Bg3 e6 10.e3 Bg7 
11.Rc1 O-O 12.Be2 Nxc3 13.Qxc3 c5 14.Be5 Bxe5 
15.Nxe5 cxd4 16.Qxd4 Qxd4 17.exd4 Be4 18.h4 f6 
19.Ng4 Nc6 20.Nxh6+ Kg7 21.hxg5 fxg5 22.f3 Bd5 
23.Bb5 Rac8 24.Ba6 Rcd8 25.Ng4 Rf4 26.Bd3 a5 
27.Rh7+ Kf8 28.Bg6 Rd6 29.Ne5 Kg8 30.Rb7 Rxd4 
31.Nf7 Nd8 32.Rb8 Bxa2 33.Nxd6 Rxd6 34.Rcc8 Kg7 
35.Bh5 Nf7 36.Rcg8+ Kf6 37.Rgf8 Rd7 
38.Rxb6 1-0

[Event "HCL-B248"]
[Site "www.playchess.de"]
[Date "2001.04.06"]
[Round "6"]
[White "paulGM"]
[Black "whatsleft2"]
[WhiteElo "1500"]
[BlackElo "1894"]
[PlyCount "50"]
[Result "0-1"]

1.e4 d5 {goodluck}  2.exd5 {u 2}  Nf6 {where are 
you from}  3.c4 {I am from texas corpus christi 
and u!}  e6 {not far from u seadrift texas 30 
miles east of victoria}  4.d4 {i will be in pl 
texas maybe we can meet what is your phone # how 
old r u ?bye}  exd5 {my name is roy phone is 
361-7856411 age 50}  5.Nc3 g6 6.Nf3 c6 7.Bd3 Bg7 
8.O-O O-O 9.Bf4 dxc4 10.Bxc4 Bg4 {are you on a 
school chess team I was chess coach last year at 
russel elem in brownsville tx}  11.Be3 {um..i am 
from corpus i am paul haney u might know texas 7th 
and 8th grade champ}  Nbd7 {sorry no I stayed with 
the elementary because thats what i was coaching}  
12.h3 Nb6 13.Bxf7+ Rxf7 14.hxg4 Nxg4 15.Qb3 Nd5 
16.Rae1 {fun game right!!!1}  Qd6 {yes i am trying 
new openings to play in tournaments not this one 
lol}  17.Ne4 Qb8 18.Ned2 Qc7 19.Nc4 Rxf3 20.Ne5 
Rxe3 21.fxe3 Bxe5 22.dxe5 Qxe5 23.Rf4 Qh5 24.Rxg4 
Qxg4 25.e4 Re8 0-1

[Event "HCL-B244"]
[Site "www.playchess.de"]
[Date "2001.04.06"]
[Round "4"]
[White "victor"]
[Black "Doro"]
[WhiteElo "1288"]
[BlackElo "1571"]
[PlyCount "26"]
[Result "0-1"]

1.e4 e6 2.d4 d5 3.Nc3 Bb4 4.e5 c5 5.a3 Bxc3+ 
6.bxc3 Qc7 7.Qg4 f5 8.Qh5+ g6 9.Qd1 cxd4 10.cxd4 
Qc3+ 11.Bd2 Qxd4 12.Nf3 Qe4+ 13.Be2 
Nc6 0-1

[Event "HCL-C250"]
[Site "www.playchess.de"]
[Date "2001.04.06"]
[Round "2"]
[White "Chopz8va"]
[Black "arsenic"]
[WhiteElo "1136"]
[BlackElo "1243"]
[PlyCount "43"]
[Result "1-0"]

1.d4 {hi}  d5 2.Nf3 Nf6 3.Bf4 c6 4.e3 Bf5 5.Bd3 
Bxd3 6.Qxd3 e6 7.Nbd2 Bd6 8.O-O Bxf4 9.exf4 Nbd7 
10.Rfe1 O-O 11.c3 Qc7 12.Ne5 Nxe5 13.fxe5 Nd7 
14.Re3 f6 15.Nf3 c5 16.h3 fxe5 17.Nxe5 Nxe5 
18.Rxe5 cxd4 19.Qxd4 Rac8 20.Rxe6 Qf7 21.Qxd5 
Qxf2+ 22.Kh2 1-0

[Event "HCL-B249"]
[Site "www.playchess.de"]
[Date "2001.04.06"]
[Round "2"]
[White "sundfar"]
[Black "victor"]
[WhiteElo "1461"]
[BlackElo "1275"]
[PlyCount "37"]
[Result "1-0"]

1.e4 {hello Philippines, Norway here. I love your 
country!}  e6 2.c4 d5 3.cxd5 exd5 4.Bd3 dxe4 
5.Bxe4 {I'm married to a pilipina woman. She is 
from Cebu City.}  Nf6 6.Nc3 Bb4 7.Qa4+ Nc6 8.Bxc6+ 
bxc6 9.Qxb4 Be6 10.Nf3 Qe7 11.Qxe7+ Kxe7 12.O-O h5 
13.Re1 Rab8 14.d4 Kf8 15.Ng5 Re8 16.Nxe6+ Rxe6 
17.Rxe6 fxe6 18.Bf4 Ne8 19.a4 {where in the 
Philippines are you from?}  1-0

[Event "HCL-B244"]
[Site "www.playchess.de"]
[Date "2001.04.06"]
[Round "7"]
[White "Bill"]
[Black "victor"]
[WhiteElo "1304"]
[BlackElo "1288"]
[PlyCount "23"]
[Result "1-0"]

1.e4 e6 2.d4 d5 3.Nc3 Bb4 4.e5 c5 5.Bd2 cxd4 6.Nb5 
Be7 7.Nxd4 Bd7 8.Ngf3 Nc6 9.Be3 Bc5 10.Nxc6 Bxc6 
11.Bxc5 Qa5+ 12.b4 1-0

[Event "HCL-C250"]
[Site "www.playchess.de"]
[Date "2001.04.06"]
[Round "4"]
[White "arsenic"]
[Black "spinny33"]
[WhiteElo "1243"]
[BlackElo "598"]
[PlyCount "20"]
[Result "0-1"]

1.e4 e5 {ahoy}  2.Nf3 Qf6 {czech republic?}  3.Bc4 
Qc6 4.d3 Qg6 5.O-O d6 6.Nc3 Nc6 7.Nd5 Nd4 8.Nxc7+ 
Kd7 9.Nxa8 Be7 10.c3 Nxf3+ 0-1

[Event "HCL-C250"]
[Site "www.playchess.de"]
[Date "2001.04.06"]
[Round "7"]
[White "WindsorStar"]
[Black "arsenic"]
[WhiteElo "854"]
[BlackElo "1243"]
[PlyCount "21"]
[Result "1-0"]

1.d4 d5 2.Nf3 Nf6 3.h3 Bf5 4.g4 Be4 5.Bg2 e6 6.a3 
c5 7.dxc5 Bxc5 8.b4 Bxf3 9.Bxf3 Bd6 10.g5 Nfd7 
11.Qd4 1-0

[Event "HCL-C252"]
[Site "www.playchess.de"]
[Date "2001.04.06"]
[Round "10"]
[White "sarek"]
[Black "liero2"]
[WhiteElo "1145"]
[BlackElo "800"]
[PlyCount "20"]
[Result "0-1"]

1.e4 e5 2.Nf3 d6 3.d4 exd4 4.Qxd4 Nc6 5.Bb5 Bd7 
6.Bxc6 Bxc6 7.Nc3 Nf6 8.Bg5 Be7 9.O-O-O O-O 10.h4 
b6 0-1

[Event "HCL-B256"]
[Site "www.playchess.de"]
[Date "2001.04.06"]
[Round "2"]
[White "BlaCkPaWn"]
[Black "rockmountain"]
[WhiteElo "1200"]
[BlackElo "812"]
[PlyCount "77"]
[Result "1-0"]

1.e4 d5 2.e5 Nc6 3.Nf3 e6 4.d4 Nge7 5.Bb5 Bd7 
6.Bg5 a6 7.Bxc6 bxc6 8.O-O h6 9.Bxe7 Bxe7 10.Nc3 
O-O 11.Qe2 a5 12.a4 f6 13.Nh4 fxe5 14.Ng6 Rf7 
15.Nxe5 Rf8 16.Nxd7 Qxd7 17.Rad1 Bd6 18.g3 Bb4 
19.Rfe1 Qf7 20.Qxe6 Qxe6 21.Rxe6 Rae8 22.Rxc6 Re7 
23.Nxd5 Ref7 24.Nf4 g5 25.Ng6 Re8 26.c3 Be7 
27.Rxc7 Rb8 28.Nxe7+ Kg7 29.Nf5+ Kf6 30.Rxf7+ Kxf7 
31.Nxh6+ Kf6 32.Ng4+ Kf5 33.Ne3+ Ke4 34.Re1 Kf3 
35.Nd5 Rxb2 36.Re3+ Kg4 37.Kg2 Ra2 38.Re5 Rxa4 
39.Nf6+ 1-0